Bundesliiga-joukkueet: logovisa - Statistics

Yleistilastot
  • Tätä visaa on pelattu 29 kertaa
  • Keskiarvotulos 12 / 18
Vastaustilastot
Kuvavisa Hint Vastaus % Oikein
Baijeri FC Bayern München
100%
Nordrhein-Westfalen Bayer Leverkusen
96%
Nordrhein-Westfalen Borussia Dortmund
96%
Hessen Eintracht Frankfurt
82%
Berliini Union Berlin
79%
Ala-Saksi VfL Wolfsburg
71%
Saksi RB Leipzig
68%
Baden-Württemberg VfB Stuttgart
64%
Baden-Württemberg 1899 Hoffenheim
61%
Baijeri FC Augsburg
61%
Rheinland-Pfalz Mainz 05
61%
Bremen Werder Bremen
61%
Nordrhein-Westfalen Borussia Mönchengladbach
54%
Baden-Württemberg SC Freiburg
54%
Baden-Württemberg 1. FC Heidenheim
46%
Hampuri FC St. Pauli
43%
Ruhr VfL Bochum
39%
Schleswig-Holstein Holstein Kiel
32%
Ehtoja vastaavia visoja ei löytynyt
Tulosjakauma
Jokaisen tuloksen saaneiden osuus
Persentiili vastausten määrän mukaan
Tuloshistoriasi
Et ole pelannut tätä visaa